书目信息 |
| 题名: |
游戏中的科学
|
|
| 作者: | 无处不在的科学丛书编委会 编著 | |
| 分册: | ||
| 出版信息: | 广州 广东世界图书出版公司 2010.01 |
|
| 页数: | 198页 | |
| 开本: | 24cm | |
| 丛书名: | ||
| 单 册: | ||
| 中图分类: | N49 | |
| 科图分类: | ||
| 主题词: | 自然科学--普及读物 | |
| 电子资源: | ||
| ISBN: | 978-7-5100-1453-6 | |
| 000 | 00886 nam 000253 | |
| 001 | 0100009618 | |
| 005 | 20100803150003.56 | |
| 010 | @a978-7-5100-1453-6@dCNY25.80 | |
| 100 | @a20100729d1997 em y0chiy0121 ea | |
| 101 | @achi | |
| 102 | @aCN@b110000 | |
| 105 | @ay z 000yy | |
| 200 | 10 | @a游戏中的科学@Ayou xi zhong de ke xue@f无处不在的科学丛书编委会编著@Fwu chu bu zai de ke xue cong shu bian wei hui bian zhu |
| 210 | @a广州@c广东世界图书出版公司@d2010.01 | |
| 215 | @a198页@d24cm | |
| 330 | @a本书从魔力无边的水、神通广大的火、五彩斑斓的光、不可思议的电荷、魅力无穷的声音等方面讲解了科学。 | |
| 410 | 0 | @12001 |
| 540 | @a游戏中的科学 | |
| 606 | @a自然科学@x普及读物 | |
| 690 | @aN49@v4 | |
| 701 | 0 | @a无处不在的科学丛书编委会@Awu chu bu zai de ke xue cong shu bian wei hui@4编著 |
| 801 | @aCN@bDYGS@c20100803 | |
| 901 | @a210902 | |
| 905 | @b969654-6@dN49@eW731-2@f3 | |
| 游戏中的科学/无处不在的科学丛书编委会编著.-广州:广东世界图书出版公司,2010.01 |
| 198页;24cm |
| ISBN 978-7-5100-1453-6:CNY25.80 |
| 本书从魔力无边的水、神通广大的火、五彩斑斓的光、不可思议的电荷、魅力无穷的声音等方面讲解了科学。 |
| ● |
| 相关链接 |
|
|
|
正题名:游戏中的科学
索取号:N49/W731-2
 
预约/预借
| 序号 | 登录号 | 条形码 | 馆藏地/架位号 | 状态 | 备注 |
| 1 | 969654 | 209696541 | 期刊室512/401自科库 139排2列1层/ [索取号:N49/W731-2] | 在馆 | |
| 2 | 969655 | 209696550 | 期刊室512/401自科库 139排2列1层/ [索取号:N49/W731-2] | 在馆 | |
| 3 | 969656 | 209696569 | 自科库401/401自科库 140排2列5层/ [索取号:N49/W731-2] | 在馆 |